| 000 -LEADER |
| fixed length control field |
01844cam a2200397 a 4500 |
| 001 - CONTROL NUMBER |
| control field |
13989529 |
| 003 - CONTROL NUMBER IDENTIFIER |
| control field |
OSt |
| 005 - DATE AND TIME OF LATEST TRANSACTION |
| control field |
20150410084822.0 |
| 008 - FIXED-LENGTH DATA ELEMENTS--GENERAL INFORMATION |
| fixed length control field |
050602r20051961nbub b s001 0 eng |
| 010 ## - LIBRARY OF CONGRESS CONTROL NUMBER |
| LC control number |
2005015324 |
| 020 ## - INTERNATIONAL STANDARD BOOK NUMBER |
| International Standard Book Number |
9780803298569 (pbk. : alk. paper) |
| 020 ## - INTERNATIONAL STANDARD BOOK NUMBER |
| International Standard Book Number |
0803298560 (pbk. : alk. paper) |
| 040 ## - CATALOGING SOURCE |
| Original cataloging agency |
DLC |
| Transcribing agency |
DLC |
| Modifying agency |
DLC |
| 043 ## - GEOGRAPHIC AREA CODE |
| Geographic area code |
f------ |
| 050 00 - LIBRARY OF CONGRESS CALL NUMBER |
| Classification number |
DT30.W34 2005 |
| 082 00 - DEWEY DECIMAL CLASSIFICATION NUMBER |
| Classification number |
960 |
| Edition number |
22 |
| 100 1# - MAIN ENTRY--PERSONAL NAME |
| Personal name |
Wallerstein, Immanuel Maurice, |
| Dates associated with a name |
1930- |
| 245 10 - TITLE STATEMENT |
| Title |
Africa : the politics of independence and unity / |
| Statement of responsibility, etc |
Immanuel Wallerstein ; with an introduction by the author. |
| 250 ## - EDITION STATEMENT |
| Edition statement |
Bison Books ed. |
| 260 ## - PUBLICATION, DISTRIBUTION, ETC. (IMPRINT) |
| Place of publication, distribution, etc |
Lincoln : |
| Name of publisher, distributor, etc |
University of Nebraska Press, |
| Date of publication, distribution, etc |
[2005]. |
| 300 ## - PHYSICAL DESCRIPTION |
| Extent |
xvi, 280 p. : |
| Other physical details |
maps ; |
| Dimensions |
21 cm. |
| 500 ## - GENERAL NOTE |
| General note |
First work originally published: Africa, the politics of independence. New York : Vintage Books, 1961; 2nd work originally published: Africa, the politics of unity. New York : Vintage Books, 1967. |
| 504 ## - BIBLIOGRAPHY, ETC. NOTE |
| Bibliography, etc |
Includes bibliographical references and index. |
| 650 #0 - SUBJECT ADDED ENTRY--TOPICAL TERM |
| Topical term or geographic name as entry element |
Nationalism |
| Geographic subdivision |
Africa. |
| 650 #0 - SUBJECT ADDED ENTRY--TOPICAL TERM |
| Topical term or geographic name as entry element |
Pan-Africanism. |
| 651 #0 - SUBJECT ADDED ENTRY--GEOGRAPHIC NAME |
| Geographic name |
Africa |
| General subdivision |
Politics and government. |
| 651 #0 - SUBJECT ADDED ENTRY--GEOGRAPHIC NAME |
| Geographic name |
Africa |
| General subdivision |
History |
| Chronological subdivision |
1960- |
| 700 12 - ADDED ENTRY--PERSONAL NAME |
| Personal name |
Wallerstein, Immanuel Maurice, |
| Dates associated with a name |
1930- |
| Title of a work |
Africa, the politics of independence. |
| 700 12 - ADDED ENTRY--PERSONAL NAME |
| Personal name |
Wallerstein, Immanuel Maurice, |
| Dates associated with a name |
1930- |
| Title of a work |
Africa, the politics of unity. |
| 856 41 - ELECTRONIC LOCATION AND ACCESS |
| Materials specified |
Table of contents |
| Uniform Resource Identifier |
<a href="http://www.loc.gov/catdir/toc/ecip0513/2005015324.html">http://www.loc.gov/catdir/toc/ecip0513/2005015324.html</a> |
| 856 42 - ELECTRONIC LOCATION AND ACCESS |
| Materials specified |
Contributor biographical information |
| Uniform Resource Identifier |
<a href="http://www.loc.gov/catdir/enhancements/fy0708/2005015324-b.html">http://www.loc.gov/catdir/enhancements/fy0708/2005015324-b.html</a> |
| 856 42 - ELECTRONIC LOCATION AND ACCESS |
| Materials specified |
Publisher description |
| Uniform Resource Identifier |
<a href="http://www.loc.gov/catdir/enhancements/fy0708/2005015324-d.html">http://www.loc.gov/catdir/enhancements/fy0708/2005015324-d.html</a> |
| 906 ## - LOCAL DATA ELEMENT F, LDF (RLIN) |
| a |
7 |
| b |
cbc |
| c |
orignew |
| d |
1 |
| e |
ecip |
| f |
20 |
| g |
y-gencatlg |
| 942 ## - ADDED ENTRY ELEMENTS (KOHA) |
| Source of classification or shelving scheme |
|
| Koha item type |
Book |